Country Musicians by Picture - Statistics

General Stats
  • This quiz has been taken 401 times
    358 since last reset
  • The average score is 26 of 45
Answer Stats
Picture Answer % Correct
Johnny Cash
89%
Willie Nelson
82%
Reba McEntire
80%
Dolly Parton
78%
Keith Urban
77%
Toby Keith
74%
Alan Jackson
72%
Blake Shelton
71%
Garth Brooks
71%
Luke Bryan
71%
Carrie Underwood
70%
Darius Rucker
68%
John Denver
68%
Luke Combs
68%
Hank Williams
67%
Kenny Chesney
65%
George Strait
63%
Kenny Rogers
63%
The Chicks
63%
Tim McGraw
62%
Kid Rock
61%
Chris Stapleton
60%
Miranda Lambert
60%
Brad Paisley
59%
Shania Twain
59%
Billy Ray Cyrus
58%
Randy Travis
56%
Lady A
55%
George Jones
51%
Patsy Cline
49%
Rascal Flatts
49%
Waylon Jennings
49%
Merle Haggard
47%
Alabama
46%
Conway Twitty
45%
Loretta Lynn
44%
Wynonna Judd
44%
Faith Hill
43%
Glen Campbell
38%
Tammie Wynette
33%
Vince Gill
32%
Charley Pride
31%
Leann Rimes
29%
The Everly Brothers
26%
Marie Osmond
19%
No matching quizzes found
Score Distribution
Percent of People with Each Score
Percentile by Number Answered
Your Score History
You have not taken this quiz since the last reset